|
|
|
|
| LEADER |
00000nab a2200000 a 4500 |
| 001 |
vtls001018322 |
| 003 |
SK-MaSNL |
| 005 |
20260304233118.0 |
| 008 |
040720e19940000xo 0 slo |
| 035 |
|
|
|a SN4266
|
| 040 |
|
|
|a SNSK
|b slo
|c SNSK
|e AACR2
|
| 041 |
0 |
|
|a slo
|
| 044 |
|
|
|a xo
|c SK
|
| 080 |
|
|
|a 258
|2 1981
|
| 080 |
|
|
|a 362
|2 1981
|
| 100 |
1 |
|
|a Molčanová, Marcela
|4 aut
|9 1112811
|
| 245 |
1 |
0 |
|a V Dome charitas sv. Jozefa
|
| 610 |
2 |
7 |
|a Dom Charitas sv. Jozefa (Spišská Nová Ves, Slovensko)
|2 SNKKA
|9 1029163
|
| 650 |
0 |
7 |
|a charitatívna činnosť
|2 SNKPH
|9 67695
|
| 650 |
0 |
7 |
|a mentálne postihnuté deti
|2 SNKPH
|9 1073
|
| 650 |
0 |
7 |
|a starostlivosť o mentálne postihnuté deti
|2 SNKPH
|9 1499575
|
| 651 |
|
7 |
|a Levoča (Slovensko)
|2 SNKPHgeo
|9 26696
|
| 651 |
|
7 |
|a Spišská Nová Ves (Slovensko)
|2 SNKPHgeo
|9 28800
|
| 655 |
|
7 |
|a periodikum
|2 SNKPH
|9 29553
|
| 710 |
2 |
|
|a Dom Charitas sv. Jozefa, Spišská Nová Ves
|4 aut
|9 1029164
|
| 773 |
0 |
8 |
|t Slovenská katolícka charita
|g Roč. 3, č.2 (1994)
|
| 852 |
|
|
|a ZVYKNI
|b KIS3GCP
|
| 999 |
|
|
|c 3197313
|d 3199243
|